LEADER 00936nam0-22003371i-450- 001 990000807900403321 005 20050401095227.0 010 $a88-8118-496-6 035 $a000080790 035 $aFED01000080790 035 $a(Aleph)000080790FED01 035 $a000080790 100 $a20020821d1995----km-y0itay50------ba 101 0 $aita 102 $aIT 105 $aa-------001yy 200 1 $a<>chiese cluniacensi$earchitettura monastica nell'Italia del Nord$fPaolo Piva 210 $aMilano$cSkira$dc1998 215 $a159 p.$cill.$d28 cm 610 0 $aChiese cluniacensi 610 0 $aArchitettura monastica 700 1$aPiva,$bPaolo$f<1948-2005>$0344048 801 0$aIT$bUNINA$gRICA$2UNIMARC 901 $aBK 912 $a990000807900403321 952 $aARCH B 358$b10413$fFARBC 952 $a05.317$b3416$fDARST 959 $aFARBC 959 $aDARST 996 $aChiese cluniacensi$9352306 997 $aUNINA LEADER 00864cam0-2200277 --450 001 9910475459703321 005 20210609124329.0 010 $a88-88340-59-9 100 $a20210609d2003----km y0itay50 ba 101 0 $aita 102 $aIT 105 $ay 001yy 200 1 $a<>avventura dei tesori di Stato$eoro e valuta delle banche centrali nella bufera del secondo conflitto mondiale$fCarlo De Risio 210 $aLanciano$cCarabba$d2003 215 $a143 p.$d20 cm. 225 1 $aStoria e documenti$v5 610 0 $aBanche centrali$aGuerra mondiale 1939-1945 676 $a332.11094$v23$zita 700 1$aDe Risio,$bCarlo$09392 801 0$aIT$bUNINA$gREICAT$2UNIMARC 901 $aBK 912 $a9910475459703321 952 $aXIV M 150$b2847/2020$fFSPBC 959 $aFSPBC 996 $aAvventura dei tesori di Stato$91805025 997 $aUNINA